000 00951 a2200205 4500
999 _c2014
_d2014
020 _a1405111283 (hardcover : alk. paper)
050 0 0 _aHG3881.MEH 2004
100 1 _aMehta, Dileep R.,
_d1939-
245 1 0 _aInternational bank management /
_cDileep Mehta and Hung-Gay Fung.
264 _aOxford:
_bBlackwell publishing.,
_c2004
300 _axiv, 395 p. :
_bill. ;
500 _aIncludes bibliographical references (p. [367]-372) and index.
504 _aIncludes bibliographical references (p. [367]-372) and index.
650 0 _aBanks and banking, International
_xManagement.
650 0 _aBank management.
700 1 _aFung, Hung-gay.
856 4 1 _3Table of contents
_uhttp://www.loc.gov/catdir/toc/ecip041/2003006953.html
942 _2lcc
_cBK
_h3881
_iMEH
_kHG